| 000 | 00386nam a2200145Ia 4500 | ||
|---|---|---|---|
| 008 | 150201s2007 xx 000 0 und d | ||
| 082 |
_a617.645 _bR2007A |
||
| 100 | _aADAMS,C.P. | ||
| 245 | _aTHE DESIGN CONST REMOVABLE ORTHODONTICS APPLIANCES | ||
| 250 | _a6TH | ||
| 260 |
_bVARGHESE PUBLICATION _aDADAR( MUMBAI) _c2007 |
||
| 300 | _a1-198 | ||
| 650 | _aORTHODONTICS | ||
| 942 |
_2ddc _cBK |
||
| 999 |
_c3872 _d3872 |
||